| 000 | 00855nam a2200241 i 4500 | ||
|---|---|---|---|
| 001 | 65468 | ||
| 003 | ES-MaACL | ||
| 005 | 20240228185850.0 | ||
| 007 | t| | ||
| 008 | 040114s1971 sp ||||1| spa d | ||
| 100 | 1 |
_aFreud, Sigmund, _d1856-1939 _952547 |
|
| 245 | 1 | 0 |
_aFreud en la actualidad _b: ciclo de conferencias / _cSigmund Freud ; edición de Theodor W. Adorno y Walter Dirks ; [traducción de J.M. Pomares Olivares]. |
| 250 | _a[1ª ed.]. | ||
| 260 |
_a[Barcelona] : _bBarral, _c[1971] |
||
| 300 |
_a574 p. ; _c19 cm. |
||
| 500 | _aPrecede al tít.: Institut für Sozialforschung. | ||
| 700 | 1 |
_aAdorno, Theodor W. _918468 |
|
| 700 | 1 |
_aDirks, Walter. _944869 |
|
| 700 | 0 |
_aPomares, José M., _d1943- _992903 |
|
| 710 | 2 |
_aInstitut für Sozialforschung. _94759 |
|
| 852 |
_aES-MaACL _jC-39239 _bR.76459 |
||
| 999 |
_c65468 _d65468 |
||